000 00595nam a2200181Ia 4500
005 20260429112043.0
008 260429s9999||||xx |||||||||||||| ||und||
020 _a9788119680566
041 _aHindi
082 _a305.3
_bSHW
100 _aश्वेता
245 0 _aथर्ड जेंडर और हिंदी कथा साहित्य /
_cश्वेता
250 _a1st ed.
260 _aदिल्ली :
_bएकैडमिक पब्लिकेशन,
_c2025.
300 _a356 p.; Hb
650 _aहिंदी साहित्य
942 _cTB
999 _c52103
_d52103